Biggest Cities in Pará - Statistics

General Stats
  • This quiz has been taken 39 times
  • The average score is 13 of 20
Answers on the Map
Answers color-coded by a green-red scale on the quiz's map according to % correct below.
 
Answer Stats
Population City % Correct
1,486,810 Belém
100%
224,510 Santarém
100%
534,230 Ananindeua
88%
226,030 Marabá
88%
82,680 Bragança
75%
192,460 Parauapebas
75%
65,260 São Félix do Xingu
75%
98,430 Altamira
69%
180,040 Castanhal
69%
89,560 Paragominas
69%
109,590 Tucuruí
69%
79,340 Redenção
63%
93,570 Abaetetuba
56%
73,510 Itaituba
56%
60,910 Cametá
50%
80,680 Tailândia
50%
132,300 Marituba
44%
51,950 Santa Izabel do Pará
31%
55,350 Capanema
19%
53,230 Jacundá
19%
No matching quizzes found
Score Distribution
Percent of People with Each Score
Percentile by Number Answered
Your Score History
You have not taken this quiz